| 000 | 00546nam a22001937a 4500 | ||
|---|---|---|---|
| 003 | NUST - PNEC | ||
| 005 | 20170116180802.0 | ||
| 008 | 150417b xxu||||| |||| 00| 0 eng d | ||
| 020 | _a0070991049 | ||
| 040 | _cLIBRARY | ||
| 082 | _a428.2 EHR | ||
| 100 |
_92686 _aEhrlich, Eugene. |
||
| 245 |
_aSchaum's outline of English grammar. _cEugene Ehrlich. |
||
| 250 | _a- | ||
| 260 |
_aSingapore: _bMcGrw Hill, _cc 1986 |
||
| 300 | _a139 p . : | ||
| 650 |
_92688 _aSchaum's outline of English grammar _xEnglish language--Grammar |
||
| 942 |
_2ddc _cBK |
||
| 999 |
_c63037 _d63037 |
||